000
00286 a2200121 4500
001
146690
040
_c
Escola São Tomás de Aquino
100
_a
AZEVEDO, Álvares de
240
1
0
_a
Noite na taverna
_l
por
245
1
0
_a
Noite na taverna
697
_a
LITERATURA BRASILEIRA
942
_c
BK
999
_c
146690
_d
146690